| 000 | 00582cam a2200229ua 4500 | ||
|---|---|---|---|
| 020 | _c9.50 | ||
| 041 |
_amal _h |
||
| 082 |
_a512 _bNAR/PR |
||
| 100 | _aNarayanan, C P . | ||
| 245 |
_aPre degree bijaganitham / _cC P Narayanan. _hTextual Documents |
||
| 250 |
_a1 / _b. |
||
| 260 |
_aThiruvananthapuram : _bState Instititute of Languages , _c1973. |
||
| 300 | _a368 ; . | ||
| 365 | _a9.50 | ||
| 504 | _a | ||
| 700 | 1 | _aKochunarayanan, T K . | |
| 700 | 1 | _aNamboodiri, S S . | |
| 942 | _cBK | ||
| 999 |
_c6209 _d6209 |
||